| 000 | 01362nam0a22003131 4500 | ||
|---|---|---|---|
| 001 | rc\4774210 | ||
| 005 | 20250613070502.0 | ||
| 035 | _a(NLR Aleph) 009001737 | ||
| 090 |
_a9311506 _c9311506 |
||
| 100 | _a20130417d1968 |||y0rusy50 ca | ||
| 101 | 0 | _arus | |
| 102 | _aRU | ||
| 105 | _ay z ||||| | ||
| 200 | 1 |
_aВоенная эпидемиология _e[Учеб. пособие] _fПод ред. канд. мед. наук, доц. Крашкевича и д-ра мед. наук Вольпе И.М. _gМоск. ордена Ленина и ордена Трудового Красного Знамени гос. ун-т им. М.В. Ломоносова |
|
| 210 |
_aМосква _cБ. и. _d1968 |
||
| 215 |
_a418 с. _d22 |
||
| 300 | _aОтпеч. множит. аппаратом | ||
| 300 | _aПеред загл. авт.: А.М. Орлов, канд. мед. наук В.В. Тарасов, Н.Н. Гнучев | ||
| 333 | _aДля служебного пользования. Экз. № 0003 | ||
| 700 | 1 |
_aОрлов _bА.М. _gАндрей Михайлович |
|
| 701 | 1 |
_aГнучев _bН.Н. |
|
| 701 | 1 |
_aТарасов _bВ.В. |
|
| 702 | 1 |
_aКарашкевич _bК.В. _4340 |
|
| 702 | 1 |
_aВольпе _bИ.М. _4340 |
|
| 801 | 0 |
_aRU _bNLR _gpsbo |
|
| 801 | 1 |
_aRU _bELAR _2rusmarc |
|
| 852 |
_aNLR _j50К/14940 |
||
| 942 | _cBOOK | ||
| 980 | _aNB | ||